| 000 | 00413nam a2200157Ia 4500 | ||
|---|---|---|---|
| 008 | 210210b1993 xxu||||| |||| 00| 0 eng d | ||
| 020 | _a0 14 015615 1 | ||
| 082 | _a520.92 WHIS | ||
| 100 | _aWHITE (Michael) & GRIBBIN (John). | ||
| 245 | _aStephen Hawking: a life in science. | ||
| 260 |
_aND _bPenguin Books _c1993 |
||
| 300 | _aix,304,4 | ||
| 650 | _aStephen Hawking | ||
| 690 | _aBiography | ||
| 906 | _a050135 | ||
| 999 |
_c98838 _d98838 |
||